000 00278nam a2200097Ia 4500
001 644699
005 20250826153609.0
008 250824s9999 xx 000 0 und d
245 0 _aPROFESÖR İYON İLE FEN 2 ÖFKELİ ORGANLAR KOROSU
_cBİRSEN EKİM ÖZEN
260 _bTİMAŞ ÇOCUK
999 _c644699
_d644699